Dream count : a novel /

"A sweeping story about four women whose lives are shaped by love, longing, and pain. Chiamaka is a Nigerian travel writer living in the U.S. who is unlucky in love and coping with the pandemic on her own. Zikora is a successful lawyer living in Washington, DC, who finds herself, unexpectedly,...

Full description

Bibliographic Details
Main Author: Adichie, Chimamanda Ngozi, 1977- (Author)
Format: Book
Language:English
Published: New York : Alfred A. Knopf, 2025.
Edition:First hardcover edition.
Subjects:

MARC

Tag First Indicator Second Indicator Subfields
LEADER 00000cam a2200000 i 4500
001 in00005620003
008 250219t20252025nyu e 000 1 eng
005 20250318152300.7
010 |a  2024023809 
035 |a (OCoLC)on1500262593 
040 |a DLC  |b eng  |e rda  |c FFL  |d FFL  |d OCLCO  |d IUO  |d OCLCO  |d RNL  |d OCLCO  |d MTG  |d ZFT 
020 |a 9780593802724  |q (hardcover) 
020 |a 0593802721  |q (hardcover) 
020 |a 9780593688625  |q (trade paperback) 
020 |a 0593688627  |q (trade paperback) 
035 |a (OCoLC)1500262593 
041 0 |a eng 
050 0 0 |a PR9387.9.A34354  |b D74 2025 
082 0 0 |a 823/.92  |2 23/eng/20250218 
100 1 |a Adichie, Chimamanda Ngozi,  |d 1977-  |e author.  |1 https://id.oclc.org/worldcat/entity/E39PBJdCrfpvxwY8MBv3jHYVmd 
245 1 0 |a Dream count :  |b a novel /  |c Chimamanda Ngozi Adichie. 
250 |a First hardcover edition. 
264 1 |a New York :  |b Alfred A. Knopf,  |c 2025. 
264 4 |c ©2025. 
300 |a 399 pages ;  |c 25 cm. 
336 |a text  |b txt  |2 rdacontent 
337 |a unmediated  |b n  |2 rdamedia 
338 |a volume  |b nc  |2 rdacarrier 
520 |a "A sweeping story about four women whose lives are shaped by love, longing, and pain. Chiamaka is a Nigerian travel writer living in the U.S. who is unlucky in love and coping with the pandemic on her own. Zikora is a successful lawyer living in Washington, DC, who finds herself, unexpectedly, a heartbroken single mother. Omelogor is a scholar researching pornography for a master's thesis in Women's Studies. And Nafissatou, Chiamaka's housekeeper, is trying to reclaim her dignity after a terrible sexual assault. In Dream Count, we come to know these interesting, challenging, and complicated women as they navigate their rich and complex lives. Long revered as a writer who understands how we talk about race and identity, Adichie uses these themes to explore a group of disparate and fascinating women and their worlds, turning a sharp eye on contemporary society. A major literary event, Dream Count is a thrilling, sizzling new work that confirms Adichie's status as one of the most exciting and dynamic writers on the literary landscape"--  |c Provided by publisher. 
650 0 |a Nigerian Americans  |v Fiction. 
650 0 |a COVID-19 Pandemic, 2020-2023  |v Fiction. 
650 0 |a Travel writers  |v Fiction. 
650 0 |a Women, Black  |x Identity  |v Fiction. 
650 0 |a Female friendship  |v Fiction. 
650 0 |a Housekeepers  |v Fiction. 
650 0 |a Women graduate students  |v Fiction. 
650 0 |a Self-actualization (Psychology) in women  |v Fiction. 
650 0 |a Women  |v Fiction. 
650 6 |a Femmes  |v Romans, nouvelles, etc. 
650 6 |a Américains d'origine nigériane  |v Romans, nouvelles, etc. 
650 6 |a Amitié féminine  |v Romans, nouvelles, etc. 
650 6 |a Actualisation de soi chez la femme  |v Romans, nouvelles, etc. 
655 7 |a Psychological fiction.  |2 lcgft 
655 7 |a Novels.  |2 lcgft 
710 2 |a Alfred A. Knopf, Inc.,  |e publisher. 
994 |a Z0  |b TXA 
948 |h NO HOLDINGS IN TXA - 306 OTHER HOLDINGS 
999 f f |s b883c61b-f351-4f05-a540-1d44ff450d3b  |i ba87bfe0-a18a-44be-b67c-afb68f880268  |t 0 
952 f f |p normal  |a Texas A&M University  |b College Station  |c Sterling C. Evans Library  |s Evans stk  |d Evans: Library Stacks  |t 0  |e PR9387.9.A34354 D74 2025  |h Library of Congress classification  |i unmediated -- volume  |m A14852724484 
952 f f |p 30_day  |a Texas A&M University  |b Galveston Campus  |c Jack K. Williams Library  |s galv stk  |d Galveston Stacks  |t 0  |e PR9387.9.A34354 D74 2025  |h Library of Congress classification  |i unmediated -- volume  |m A14852724351 
998 f f |a PR9387.9.A34354 D74 2025  |t 0  |l Evans: Library Stacks 
998 f f |a PR9387.9.A34354 D74 2025  |t 0  |l Galveston Stacks